| 000 | a | ||
|---|---|---|---|
| 999 |
_c92205 _d92204 |
||
| 005 | 20190628142703.0 | ||
| 008 | 190622b ||||| |||| 00| 0 eng d | ||
| 020 | _a9783319268941 | ||
| 080 |
_a347.77 _bKER |
||
| 245 | _aFuture of law and eTechnologies | ||
| 260 |
_bSpringer _aSwitzerland _c2016 |
||
| 300 | _ax, 233p | ||
| 500 | _aThis book presents groundbreaking discussions on e-residency,cryptocurrencies, scams, smart contracts, 3D printing, software agents, digital evidence and e-governance at the intersection of law, legal policies and modern technologies | ||
| 653 | _aCyber Law | ||
| 653 | _aIntellectual property | ||
| 653 | _aDigital evidence | ||
| 653 | _aSmart contracts | ||
| 700 | _aKerikmae, Tanel Ed. by. | ||
| 700 | _aRull, Addi Ed. by. | ||
| 942 | _cBK | ||